000 00491nam a22001817a 4500
005 20260303092515.0
008 260303b |||||||| |||| 00| 0 eng d
020 _a978-0-443-26133-6
100 _aMURRAY PATRICK R.
245 _aMEDICAL MICROBIOLOGY
250 _a10TH EDITION
260 _aPHILADELPHIA
_bELSEVIER
_c2026
300 _aXI,882P.
500 _aINCLUDES AN INDEX
650 _aMEDICAL MICROBIOLOGY
700 _aKEN S. ROSENTHAL, MICHAEL A. PFALLER
942 _2lcc
_cBK
999 _c216740
_d216740